| 000 | 00357nam a22001457a 4500 | ||
|---|---|---|---|
| 003 | OSt | ||
| 005 | 20240403111625.0 | ||
| 008 | 240403b |||||||| |||| 00| 0 eng d | ||
| 040 | _cCentral Library MRSPTU | ||
| 100 | _aDr. Naresh | ||
| 245 | _aOdyssey of a Fragrance | ||
| 260 |
_aNew Delhi _bVirasat Publications _c2018 |
||
| 300 | _a256 | ||
| 942 |
_2ddc _cBK _n0 |
||
| 999 |
_c9959 _d9959 |
||